header

Nursing the cardiac patient (Record no. 232314)

MARC details
000 -LEADER
fixed length control field 02424nam a2200397 a 4500
082 04 - DEWEY DECIMAL CLASSIFICATION NUMBER
Classification number 616.1/20231
245 00 - TITLE STATEMENT
Title Nursing the cardiac patient
260 ## - PUBLICATION, DISTRIBUTION, ETC. (IMPRINT)
Place of publication Chichester, West Sussex, U.K. :
Name of publisher Wiley-Blackwell,
Year of publication 2011.
300 ## - PHYSICAL DESCRIPTION
Number of Pages xvii, 259 p. :
Other physical details ill.
490 1# - SERIES STATEMENT
Series statement Essential clinical skills for nurses
505 0# - FORMATTED CONTENTS NOTE
Formatted contents note Acute coronary syndromes in perspective / Melanie Humphreys -- Reducing the risk : primary care initiatives / Melanie Humphreys and Brenda Cottam -- Assessment of the cardiovascular system / Jackie Yonker -- Diagnosing acute coronary syndrome / John McGowan -- Unstable angina / John McGowan -- Non-ST segment elevation infarction / Melanie Humphreys -- ST segment elevation infarction / Claire Rushton -- Therapeutic intervention in acute coronary syndromes / Jan Keenan -- Cardiothoracic care / Debbie Danitsch -- Arrhythmias and their management / Melanie Humphreys and Celia Warlow -- Emergency cardiac care / Melanie Humphreys and Lisa Cooper -- Chronic cardiac conditions and their management / Ian Jones and Ann Dormer -- Cardiac rehabilitation / Tim Grove -- Secondary prevention within the community / Tim Grove -- Ethical issues in cardiac care / Pauline Walsh and Fiona Foxall.
650 #0 - SUBJECT ADDED ENTRY--TOPICAL TERM
Topical Term Heart
Topical Term Heart
700 1# - ADDED ENTRY--PERSONAL NAME
Personal name Humphreys, Melanie.
856 40 - ELECTRONIC LOCATION AND ACCESS
Uniform Resource Identifier http://site.ebrary.com/lib/rucke/Doc?id=10494603

No items available.

© 2026 Rongo University
Contact us: librarian | system librarian | Rongo university